top 100 piłkarzy w 2018 roku - Statystyki

Ogólne statystyki
  • Ten quiz został rozwiązany 507 razy
  • Średni wynik to 40 z 100
Statystyki odpowiedzi
# klub piłkarz % Poprawnych
1 Barcelona Lionel Messi
100%
4 Juventus Cristiano Ronaldo
99%
5 PSG Kylian Mbappe
93%
6 Liverpool Mohamed Salah
91%
16 PSG Neymar
91%
2 Real Madryt Luka modric
90%
27 Real Madryt Karim Benzema
89%
39 Bayern Robert Lewandowski
88%
9 Tottenham Harry Kane
86%
13 Liverpool Sadio Mane
78%
31 Real Madryt Sergio Ramos
78%
3 Atletico Madryt Antoine Griezmann
77%
44 Barcelona Luis Suarez
75%
7 Chelsea Eden Hazard
73%
10 Man City Kevin De Bruyne
73%
32 Real Madryt Gareth Bale
69%
11 Chelsea N'Golo Kante
68%
36 Real Madryt Toni Kroos
68%
91 Tottenham Heung Min Son
67%
17 Man Utd Paul Pogba
63%
65 Liverpool Virgil Van Dijk
63%
21 Liverpool Roberto Firmino
61%
8 Real Madryt Raphael Varane
60%
23 Man Utd Romelu Lukaku
60%
19 Man City Sergio Aguero
58%
18 Liverpool Alisson
56%
68 Barcelona Gerard Pique
56%
12 Chelsea Thibaut Courtois
56%
34 Real Madryt Marcelo
55%
47 Man City Bernardo Silva
54%
14 Tottenham Hugo Lloris
54%
54 Real Madryt Casemiro
53%
42 Man City David Silva
52%
26 Man City Raheem Sterling
51%
41 Barcelona Jordi Alba
50%
24 Atletico Madryt Jan Oblak
49%
53 Barcelona Marc Andre Ter Stegen
49%
64 Real Madryt Keylor Navas
48%
81 Ajax Frenkie De Jong
47%
61 Real Madryt Dani Carvajal
46%
28 PSG Edinson Cavani
45%
29 Juventus Paulo Dybala
45%
15 Barcelona Ivan Rakitic
43%
66 Barcelona Ousmane Dembele
43%
56 Man Utd David De Gea
42%
63 Barcelona Sergio Busquets
41%
30 Napoli Dries Mertens
40%
35 Man City Leroy Sane
40%
49 Bayern Joshua Kimmich
39%
70 Atletico Madryt Koke
38%
60 Ajax Matthijs De LIgt
37%
48 PSG Angel Di Maria
36%
40 Arsenal Pierre Emerick Aubameyang
36%
20 Real Madryt Isco
35%
37 Atletico Madryt Diego Godin
33%
38 Barcelona Philippe Coutinho
33%
52 Barcelona Samuel Umtiti
33%
92 Lazio Rzym Ciro Immobile
32%
50 Olympique Marsylia Dimitri Payet
32%
46 Tottenham Christian Eriksen
31%
98 Atlanta United Josef Martinez
31%
82 Genoa Krzysztof Piątek
29%
67 Man City Gabriel Jesus
27%
59 Man City Kyle Walker
27%
84 Olympique Lyon Memphis Depay
27%
58 Atletico Madryt Saul
27%
22 Stuttgart Benjamin Pavard
26%
77 Bayern James Rodriguez
26%
62 Leicester City Harry Maguire
23%
88 Celta Vigo Iago Aspas
21%
55 Inter Ivan Perisic
21%
76 Napoli Kalidou Koulibaly
21%
25 Juventus Mario Mandzukic
21%
45 Inter Mauro Icardi
21%
57 Man City John Stones
19%
43 Atletico Madryt Lucas Hernandez
19%
72 Chelsea Jorginho
16%
85 Leicester City Kasper Schmeichel
15%
94 AS Roma Konstantinos Manolas
12%
75 Olympique Lyon Nabil Fekir
12%
79 PSV Hirving Lozano
11%
73 Everton Jordan Pickford
11%
51 Liverpool Dejan Lovren
10%
74 Tottenham Kieran Trippier
10%
71 AS Monaco Danijel Subasic
7%
33 PSG Thomas Meunier
7%
97 Zenit Artem Dzyuba
5%
83 Olympique Marsylia Florian Thauvin
5%
87 Everton Yerry Mina
5%
80 Porto Hector Herrera
4%
78 AS Monaco Aleksandr Golovin
3%
96 Borussia Dortmund Paco Alcacer
3%
69 AS Roma Aleksandar Kolarov
2%
89 Valencia Denis Czeryszew
2%
90 Standard Liege Gulhermo Ochoa
2%
93 Sevilla Pablo Sarabia
2%
95 Atletico Madryt Santiago Arias
1%
99 River Plate Exequiel Palacios
0%
86 River Plate Juan Quintero
0%
100 Retirado Rafa Marquez
0%
Nie znaleziono quizów pasujących do podanych kryteriów
Rozkład punktacji
Procent ludzi z każdym wynikiem
Percentyl według liczby udzielonych odpowiedzi
Twoja historia wyników
Nie rozwiązałeś tego quizu